Antología de cuentistas chinos / (Record no. 24387)

MARC details
000 -LEADER
campo de control de longitud fija 00794nam a2200217 i 4500
001 - NÚMERO DE CONTROL
campo de control 24387
003 - IDENTIFICADOR DE NÚMERO DE CONTROL
campo de control ES-MaACL
005 - FECHA Y HORA DE LA ÚLTIMA TRANSACCIÓN
campo de control 20260525062924.0
007 - CAMPO FIJO DE DESCRIPCIÓN FÍSICA--INFORMACIÓN GENERAL
campo de control de longitud fija t|
008 - DATOS DE LONGITUD FIJA--INFORMACIÓN GENERAL
campo de control de longitud fija 021217s1947 sp ||||1| spa d
245 00 - MENCIÓN DEL TÍTULO
Título Antología de cuentistas chinos /
Mención de responsabilidad, etc. selección y prólogo de Lo Ta Kang ; [traducción directa del chino por Ma Ce Hwang (Marcela de Juan)].
260 ## - PUBLICACIÓN, DISTRIBUCIÓN, ETC.
Lugar de publicación, distribución, etc. Barcelona, etc. :
Nombre del editor, distribuidor, etc. Espasa-Calpe Argentina,
Fecha de publicación, distribución, etc. [1947] (
Fabricante Cía. Grab. Fabril Financiera)
300 ## - DESCRIPCIÓN FÍSICA
Extensión 147 p. ;
Dimensiones 18 cm.
490 1# - MENCIÓN DE SERIE
Mención de serie Colección austral ;
Designación de volumen o secuencia 787
650 #4 - PUNTO DE ACCESO ADICIONAL DE MATERIA--TÉRMINO DE MATERIA
Término de materia o nombre geográfico como elemento de entrada Cuentos chinos.
9 (RLIN) 161280
700 1# - ENTRADA AGREGADA--NOMBRE PERSONAL
Nombre de persona Luo, Dagang (
Fechas asociadas al nombre 1909-1998)
9 (RLIN) 169433
700 1# - ENTRADA AGREGADA--NOMBRE PERSONAL
Nombre de persona Juan, Marcela de,
Fechas asociadas al nombre 1905-1981
9 (RLIN) 67096
830 0# - PUNTO DE ACCESO ADICIONAL DE SERIE-TÍTULO UNIFORME
Título uniforme Colección austral
Designación de volumen o secuencia 787
9 (RLIN) 177655
852 ## - LOCALIZACIÓN
Ubicación ES-MaACL
Número de control de estantería C-10034
Sublocalización o colección R.37868
Holdings
Estatus retirado Estado de pérdida Estado de daño No para préstamo Biblioteca de origen Biblioteca actual Ubicación en estantería Fecha de adquisición Fuente de adquisición Total de préstamos Signatura topográfica completa Código de barras Visto por última vez Precio de reemplazo Tipo de ítem Koha
        Biblioteca del Ateneo de Madrid Biblioteca del Ateneo de Madrid Sala Palomar 17/01/2008     C-10034 1025145 23/02/2023 23/02/2023 Libro impreso